[Event "8th Lippe Cup"]
[Site "Lieme GER"]
[Date "2011.10.29"]
[Round "2.1"]
[White "Gutman,L"]
[Black "Friesen,Viktor"]
[Result "1-0"]
[WhiteElo "2450"]
[BlackElo "2096"]

1.Nf3 d5 2.g3 c6 3.Bg2 Bg4 4.O-O Nd7 5.d4 Ngf6 6.c4 e6 7.a4 Be7 8.a5 O-O
9.Qb3 b6 10.Nc3 bxa5 11.c5 Bxf3 12.Bxf3 e5 13.e3 Rb8 14.Qa2 Rb4 15.Rd1 Qc7
16.Qxa5 Qxa5 17.Rxa5 Ra8 18.Ra6 Nb8 19.Ra3 a5 20.Na2 Rb7 21.b4 exd4 22.exd4 Rba7
23.Bf4 axb4 24.Rxa7 Rxa7 25.Nxb4 Rb7 26.Nd3 Nfd7 27.Ra1 Bf6 28.Ra8 g5 29.Be3 Kg7
30.Bg4 Nf8 31.Bc8 Rb1+ 32.Kg2 Ne6 33.Bxe6 fxe6 34.Ra7+ Kg6 35.Kf3 Rb3 36.Ke2 h6
37.g4 Rb5 38.h4 gxh4 39.Nf4+ Kg5 40.Nxd5+ Kg6 41.Nxf6 Kxf6 42.Rh7 Na6 43.Rxh6+ Kf7
44.Rxh4 Nb4 45.Rh7+ Ke8 46.Rc7 Kd8 47.Ra7 Nd5 48.Kf3 Rb3 49.g5 Ke8 50.Ke4  1-0

[Event "8th Lippe Cup"]
[Site "Lieme GER"]
[Date "2011.10.29"]
[Round "3.11"]
[White "Friesen,Viktor"]
[Black "Abbasov,Amil2"]
[Result "1-0"]
[WhiteElo "2096"]
[BlackElo "1683"]

1.Nf3 d5 2.g3 c5 3.Bg2 Nc6 4.O-O e5 5.d3 Be6 6.Ng5 Bf5 7.e4 dxe4 8.Nxe4 Be7
9.Be3 Qb6 10.Nbc3 Rd8 11.Na4 Qb4 12.c3 Qb5 13.c4 Qa5 14.Naxc5 Qc7 15.f4 Bxc5
16.Bxc5 Be6 17.Qe2 exf4 18.Rxf4 Nge7 19.Ng5 Qe5 20.Bxc6+ Nxc6 21.Qxe5 Nxe5
22.Nxe6 fxe6 23.Re4 Nxd3 24.Rxe6+ Kd7 25.Re7+ Kc6 26.Ba3 g6 27.Rf1 Rde8 28.Rf6+  1-0

[Event "MCC Melbourne Cup Weekender"]
[Site "Melbourne AUS"]
[Date "2011.10.29"]
[Round "3.2"]
[White "Morris,J"]
[Black "Solomon,SJ"]
[Result "0-1"]
[WhiteElo "2327"]
[BlackElo "2384"]

1.Nf3 d5 2.g3 c6 3.Bg2 Bg4 4.O-O Nd7 5.d3 e6 6.b3 Ngf6 7.Bb2 Bc5 8.Nbd2 O-O
9.c4 Re8 10.Rc1 Qe7 11.h3 Bh5 12.Rc2 a5 13.Qc1 a4 14.cxd5 exd5 15.Bxf6 Qxf6
16.Rxc5 Nxc5 17.Qxc5 Rxe2 18.Qb4 b5 19.g4 Bg6 20.d4 axb3 21.axb3 Ra2 22.Qc3 h5
23.Rd1 hxg4 24.hxg4 Be4 25.Kf1 Bxf3 26.Bxf3 Rexd2 27.Rxd2 Rxd2 28.Qxd2 Qxf3
29.Qc2 Qh3+ 30.Ke1 Qxg4 31.Qxc6 Qe6+ 32.Qxe6 fxe6 33.Kd2 b4 34.Ke3 Kf7 35.Kf3 Kf6
36.Kf4 e5+  0-1

[Event "TCh-NED Meesterklasse 2011-12"]
[Site "Netherlands NED"]
[Date "2011.10.29"]
[Round "2.4"]
[White "Sielecki,C"]
[Black "Heemskerk,W"]
[Result "1/2-1/2"]
[WhiteElo "2391"]
[BlackElo "2280"]

1.Nf3 d5 2.g3 Nf6 3.Bg2 e6 4.O-O Be7 5.c4 O-O 6.d4 Nbd7 7.Qc2 c6 8.Nbd2 b6
9.e4 Bb7 10.e5 Ne8 11.cxd5 cxd5 12.Re1 Rc8 13.Qa4 a5 14.Nf1 Bc6 15.Qd1 b5
16.h4 h6 17.N1h2 b4 18.Bf4 Bb5 19.h5 Qb6 20.Ng4 f5 21.exf6 Nexf6 22.Nfe5 Nxe5
23.Nxe5 Be8 24.Ng6 Bxg6 25.hxg6 Rc4 26.Qe2 Rc6 27.Rad1 Bd8 28.Rd3 Bc7 29.Bxc7 Qxc7
30.Re3 Rc2 31.Qa6 Ne4 32.Qxe6+ Kh8 33.Rf3 Rxf2 34.Rxf2 Nxf2 35.Qf7 Qd8 36.Rf1 Rxf7
37.gxf7 Qf8 38.Rxf2 g6 39.Bxd5 Kh7 40.Kg2 Kg7 41.Kh2 h5 42.Re2 Qc8 43.Rf2 Kf8
44.Re2 Kg7 45.Rf2  1/2-1/2

[Event "TCh-NED Meesterklasse 2011-12"]
[Site "Netherlands NED"]
[Date "2011.10.29"]
[Round "2.8"]
[White "Hausrath,D"]
[Black "Van Wessel,R"]
[Result "1-0"]
[WhiteElo "2507"]
[BlackElo "2375"]

1.Nf3 d5 2.g3 c6 3.Bg2 Bg4 4.c4 e6 5.O-O Nd7 6.cxd5 exd5 7.d3 Ngf6 8.Nc3 Be7
9.Qc2 Bxf3 10.Bxf3 d4 11.Ne4 Nxe4 12.Bxe4 O-O 13.Bd2 a5 14.Rab1 Qb6 15.Rfc1 Rfe8
16.Qd1 Bb4 17.Bf4 Nc5 18.Bf3 Ne6 19.Bd2 Bxd2 20.Qxd2 Qb4 21.Qxb4 axb4 22.Rc4 Rxa2
23.Rxb4 Re7 24.Bg4 g6 25.Bxe6 Rxe6 26.Kf1 Re7 27.Rxd4 Ra5 28.Rc1 Rb5 29.b4 Rbe5
30.e3 f5 31.Rc5 R5e6 32.Rd8+ Kf7 33.d4 b6 34.Rc2 g5 35.Rh8 Kg7 36.Rc8 f4
37.R8xc6 fxe3 38.Rxe6 Rxe6 39.Re2 Rc6 40.fxe3 Rc1+ 41.Kf2 Rb1 42.Kf3 Kf6
43.Rc2 Rxb4 44.Ke4  1-0

[Event "TCh-NED Meesterklasse 2011-12"]
[Site "Netherlands NED"]
[Date "2011.10.29"]
[Round "3.5"]
[White "Hausrath,D"]
[Black "Van der Stricht,G"]
[Result "1/2-1/2"]
[WhiteElo "2507"]
[BlackElo "2365"]

1.Nf3 d5 2.g3 c6 3.Bg2 Bg4 4.c4 e6 5.O-O Nd7 6.cxd5 exd5 7.d3 Ngf6 8.Nc3 Be7
9.e4 O-O 10.Qc2 dxe4 11.dxe4 Qa5 12.h3 Bxf3 13.Bxf3 Rad8 14.Bd2 Qc7 15.Bf4 Ne5
16.Be2 Bc5 17.Kg2 Rd7 18.Rac1 Qb8 19.Nd5 cxd5 20.Qxc5 Nxe4 21.Qd4 Re7 22.Qxd5 Nf6
23.Qc5 Re6 24.Bf3 b6 25.Qa3 a5 26.Rfd1 Qe8 27.Bxe5 Rxe5 28.Rc6 Rb5 29.Rd4 Qe5
30.Qc3 h6 31.Qd2 Re8 32.Rc3 Rxb2 33.Qxb2 Qxd4 34.Qb3 Ne4 35.Re3 Re6 36.Bxe4 Rxe4
37.Rd3 Qf6 38.Qd1 g6 39.Rf3 Qe6 40.Qd2 h5 41.Qd8+ Kg7 42.Rb3 Rc4 43.Qxb6 Qxb6
44.Rxb6 Rc2 45.a4 Ra2 46.Ra6 Rxa4 47.h4 Ra1 48.Kf3 a4 49.Ke2 a3 50.Kf3 Kh6
51.Ra7 Kg7 52.Ra6 Ra2 53.Ke3 Kf8 54.Ra7 Ke8 55.Kf3 Ra1 56.Kg2 f6 57.Kf3 a2
58.Kg2 Kd8 59.Kf3 g5 60.hxg5 fxg5 61.Kg2 Kc8 62.Ra8+ Kc7 63.Ra7+ Kc6 64.Ra5 h4
65.gxh4 gxh4 66.f4 h3+ 67.Kh2 Kd6 68.f5 Ke7 69.f6+ Kxf6 70.Ra6+ Ke5 71.Ra8  1/2-1/2

[Event "33rd Arco Open"]
[Site "Arco ITA"]
[Date "2011.10.30"]
[Round "9"]
[White "Battistella,S"]
[Black "Medancic,R"]
[Result "1/2-1/2"]
[WhiteElo "2081"]
[BlackElo "2266"]

1.Nf3 d5 2.g3 c6 3.Bg2 Nf6 4.c4 dxc4 5.O-O b5 6.a4 Bb7 7.b3 cxb3 8.Qxb3 a6
9.Ba3 e6 10.Bxf8 Kxf8 11.Nc3 Nbd7 12.d4 Rc8 13.Rfd1 g6 14.Ne5 Qb6 15.Ne4 Qc7
16.Qf3 Kg7 17.Qf4 Rhf8 18.Nxf6 Nxf6 19.axb5 axb5 20.Ra7 Nd5  1/2-1/2

[Event "15th OIBM"]
[Site "Bad Wiessee GER"]
[Date "2011.10.30"]
[Round "2.34"]
[White "Wunder,S"]
[Black "Pezerovic,E"]
[Result "0-1"]
[WhiteElo "2193"]
[BlackElo "2455"]

1.Nf3 d5 2.g3 Nf6 3.Bg2 Bf5 4.c4 e6 5.O-O c6 6.b3 h6 7.Bb2 Be7 8.d3 O-O 9.Nbd2 a5
10.a3 Qb6 11.Qc2 Nbd7 12.Bc3 Rfd8 13.b4 axb4 14.axb4 Rxa1 15.Rxa1 Bxb4 16.Rb1 c5
17.Qa4 Qc6 18.Qxc6 bxc6 19.Bxb4 cxb4 20.Rxb4 Ra8 21.h3 Ra2 22.cxd5 exd5 23.Rb7 c5
24.Rc7 g5 25.Nb3 Rxe2 26.Bf1 Rb2 27.Nxc5 Nxc5 28.Rxc5 Rb1 29.Kg2 Bxh3+ 30.Kxh3 g4+
31.Kh2 gxf3 32.Bh3 h5 33.Bf5 Rf1 34.Rc2 Ng4+ 35.Bxg4 hxg4 36.Ra2 Kg7 37.d4 Rd1
38.Ra4 Rd2 39.Kg1 Kg6 40.Rb4 f6 41.Ra4 Kf5 42.Rb4 Ke4  0-1

[Event "6th Deizisau Herbstopen"]
[Site "Deizisau GER"]
[Date "2011.10.30"]
[Round "4.5"]
[White "Zimmermann,U"]
[Black "Dobosz,H"]
[Result "1/2-1/2"]
[WhiteElo "2145"]
[BlackElo "2409"]

1.g3 d5 2.Nf3 Bg4 3.Bg2 Nd7 4.c4 e6 5.d3 Ngf6 6.Nc3 c6 7.O-O Be7 8.Qb3 Nc5
9.Qc2 dxc4 10.dxc4 Bf5 11.Qd1 Nfe4 12.Nxe4 Bxe4 13.Be3 a5 14.Bd4 f6 15.Nh4 Bxg2
16.Nxg2 e5 17.Be3 O-O 18.Qc2 f5 19.Rad1 Qc7 20.Nh4 g6 21.Nf3 Rae8 22.Bxc5 Bxc5
23.e4 Re7 24.Qe2 Qc8 25.Kg2 Qe6 26.b3 Bb4 27.Rd3 fxe4 28.Qxe4 Qf5 29.Re3 Bc5
30.Qxf5 Rxf5  1/2-1/2

[Event "Frauenbundesliga 2011-12"]
[Site "Germany GER"]
[Date "2011.10.30"]
[Round "2.4"]
[White "Moser, Eva"]
[Black "Voss, Chantal"]
[Result "1-0"]
[WhiteElo "2432"]
[BlackElo "1898"]

1.g3 d5 2.Nf3 Nf6 3.Bg2 g6 4.c4 c6 5.Qa4 Nbd7 6.cxd5 Nb6 7.Qh4 Nbxd5 8.O-O Bg7
9.h3 O-O 10.d3 Nh5 11.Qa4 e5 12.Nc3 Bd7 13.Qb3 Qb6 14.Nxd5 cxd5 15.Qxb6 axb6
16.Ne1 Bc6 17.Nc2 e4 18.Nb4 f5 19.Rb1 Ra4 20.a3 Rd8 21.Bg5 Rd7 22.Rfc1 Bb5
23.Rc8+ Kf7 24.Bd2 Nf6 25.Rbc1 Ne8 26.R8c2 Ra8 27.Be3 Ba4 28.Rd2 Rad8 29.Bxb6 Ra8
30.dxe4 fxe4 31.Bd4 Bh6 32.e3 Nc7 33.Bf1 Ne6 34.Be5 Ng5 35.Bg2 Rad8 36.Bf4 Kf6
37.h4 Nf7 38.Bh3 Bxf4 39.Bxd7 Bxe3 40.fxe3 Rxd7 41.Rxd5 Ne5 42.Rxd7 Bxd7
43.Rc7 b5 44.b3 Be6 45.a4 bxa4 46.bxa4 Nc4 47.Kf2 h5 48.Rxc4 Bxc4 49.a5 Ke5
50.a6 Bxa6 51.Nxa6 Kd6 52.Nb4 Kc5 53.Nc2 Kd5 54.Nd4 Ke5 55.g4 Kf6 56.g5+ Ke7
57.Kg3  1-0

[Event "World Youth U16 Ol"]
[Site "Kocaeli TUR"]
[Date "2011.10.30"]
[Round "9.2"]
[White "Gabuzyan,H"]
[Black "Akhmetov,Ay"]
[Result "0-1"]
[WhiteElo "2404"]
[BlackElo "2158"]

1.Nf3 d5 2.g3 Nf6 3.Bg2 c6 4.O-O h6 5.c4 Bf5 6.cxd5 cxd5 7.d3 e6 8.Nc3 Nc6
9.Qa4 Nd7 10.e4 Nc5 11.Qc2 Bh7 12.a3 a5 13.Re1 Be7 14.exd5 exd5 15.Ne5 O-O
16.Nxd5 Nxe5 17.Rxe5 Bd6 18.Re3 Rc8 19.Qd1 a4 20.d4 Nb3 21.Rxb3 axb3 22.Qxb3 Qa5
23.Bf4 Rcd8 24.Bxd6 Rxd6 25.Qxb7 Re8 26.b4 Qd8 27.h4 Rd7 28.Qc6 Re6 29.Qb5 Be4
30.Nf4 Rb6 31.Qe5 Bxg2 32.Kxg2 Rxd4 33.Rc1 Qa8+ 34.Kh3 Rbd6 35.Nh5 Qf8 36.Rc5 Rd1
37.b5 g6 38.Nf4 Qa8 39.f3 Rh1+ 40.Kg2 Rd2+ 41.Ne2 Re1 42.Kf2 Rexe2+ 43.Qxe2 Rxe2+
44.Kxe2 Qxa3 45.Rc2 Qb3 46.Rd2 Qxb5+ 47.Kf2 Kg7 48.Kg2 Qc6 49.Ra2 g5 50.hxg5 hxg5
51.g4 Kf6 52.Re2 Qc4 53.Kf2 Qd3 54.Re8 Qd6 55.Kg2 Qd2+ 56.Kg3 Qc2 57.Re1 Qd2
58.Re8 Kg7 59.Re4 Qd1 60.Kf2 Qh1 61.Re2 Qh2+ 62.Ke3 Qg1+ 63.Ke4 Kf6 64.Re3 Qd1
65.Rd3 Qe2+ 66.Kd4 Qe5+ 67.Kc4 Qf4+ 68.Kd5 Qb4 69.Re3 Qd2+ 70.Ke4 Ke6 71.Rd3 Qf4+  0-1

[Event "8th Lippe Cup"]
[Site "Lieme GER"]
[Date "2011.10.30"]
[Round "5.2"]
[White "Naundorf,M"]
[Black "Izrailev,A"]
[Result "1/2-1/2"]
[WhiteElo "2134"]
[BlackElo "2313"]

1.g3 d5 2.Nf3 Nf6 3.Bg2 g6 4.c4 c6 5.b3 Bg7 6.Bb2 O-O 7.O-O a5 8.Nc3 Re8
9.d4 Na6 10.e3 Bg4 11.h3 Bf5 12.a3 Ne4 13.Rc1 Nxc3 14.Bxc3 Be4 15.Qe2 Nc7
16.Bb2 a4 17.b4 dxc4 18.Rxc4 Nb5 19.Nd2 Bxg2 20.Kxg2 Qd7 21.Rc2 Qe6 22.Nc4 Red8
23.Rfc1 h5 24.Qf3 Rd5 25.Nd2 Rf5 26.Qe4 Qd7 27.Nc4 Nd6 28.Qd3 Nxc4 29.Qxc4 Rd5
30.Qe2 Qe6 31.Rc5 Bxd4 32.Bxd4 Rxd4 33.b5 cxb5 34.Qxb5 Qe4+ 35.Kg1 Rd2 36.R5c4 Qf3
37.Rf1 Rd1 38.Rxd1 Qxd1+ 39.Kg2 b6 40.Rd4 Qb3 41.Qc6 Rb8 42.Qxa4 Qe6 43.Qa7 Rc8
44.Qa4 Rc1 45.Qa8+ Kg7 46.Qd5 Qxd5+ 47.Rxd5 Rb1 48.Rd7 Kf6 49.Ra7 Ke6 50.a4 g5
51.a5 bxa5 52.Rxa5 Kf6 53.h4 gxh4 54.Rxh5 hxg3 55.Kxg3 Rg1+ 56.Kf3 Rb1 57.Ra5 Kg6
58.Rc5 Rb2 59.Re5 e6 60.Ra5 f5 61.Ra6 Kf6 62.Rc6 Ke5 63.Rc5+ Kd6 64.Ra5 Rb6
65.Ra8 Ke5 66.Ra5+ Kf6 67.Ra8 e5 68.Rf8+ Ke6 69.Re8+ Kd6 70.Rf8 Ke6 71.Re8+ Kf6
72.Rf8+ Kg6 73.Re8 Rb5 74.Rf8 Rb2 75.Rg8+ Kf7 76.Ra8  1/2-1/2

[Event "TCh-HUN 2011-12"]
[Site "Paks HUN"]
[Date "2011.10.30"]
[Round "2"]
[White "Sebestyen,Bala"]
[Black "Videki,S"]
[Result "1/2-1/2"]
[WhiteElo "2293"]
[BlackElo "2441"]

1.Nf3 d5 2.g3 Nf6 3.Bg2 c6 4.O-O Bg4 5.d3 Nbd7 6.Nbd2 e5 7.e4 Bd6 8.h3 Bxf3
9.Qxf3 O-O 10.Qe2 Qc7 11.Nf3 Rfe8 12.Nh4 g6 13.Bd2 a5 14.Rae1 dxe4 15.dxe4 Nc5
16.Bg5 Nh5 17.Nf5 Bf8 18.Nh6+ Kh8 19.Qf3 Bxh6 20.Bxh6 Ne6 21.c3 f6 22.Qe3 g5
23.h4 Rg8 24.Qf3 Qf7 25.hxg5 Nxg5 26.Bxg5 Rxg5 27.Rd1 Rag8 28.Rd6 Qg7 29.Rd2 Qh6
30.Rfd1 Nxg3 31.fxg3 Rxg3 32.Qf2 Rxg2+ 33.Qxg2 Qf8 34.Rd7 h5  1/2-1/2

[Event "19th Skopje Open"]
[Site "Skopje MKD"]
[Date "2011.10.30"]
[Round "7"]
[White "Bogdanovski,V"]
[Black "Todorovic,GM"]
[Result "0-1"]
[WhiteElo "2418"]
[BlackElo "2487"]

1.Nf3 d5 2.g3 Nf6 3.Bg2 c6 4.O-O Bg4 5.d3 Nbd7 6.c4 Bxf3 7.Bxf3 e6 8.cxd5 exd5
9.Bf4 Nc5 10.e4 Ne6 11.Be5 Bc5 12.Bxf6 Qxf6 13.exd5 Qxb2 14.dxe6 Qxa1 15.exf7+ Kf8
16.Qb3 Qf6 17.Qxb7 Rd8 18.Nd2 Bb6 19.Be4 Qb2 20.Nb3 Qxa2 21.Nc1 Qxf7 22.Qxc6 Qf6
23.Qc4 g5 24.Na2 Kg7 25.Nb4 Qd4 26.Qxd4+ Rxd4 27.Nd5 Rd8 28.Ne7 Ra4 29.Nf5+ Kh8
30.Rc1 Ra2 31.d4 Bxd4 32.Kg2 Rxf2+ 33.Kh3 h5 34.Rc6 Bg7 35.Nxg7 Kxg7 36.Rg6+ Kf7
37.Ra6 Rdd2 38.Bg6+ Kg7 39.Bxh5 Rxh2+ 40.Kg4 Rd4+  0-1

[Event "19th Skopje Open"]
[Site "Skopje MKD"]
[Date "2011.10.31"]
[Round "8"]
[White "Vladimirov,V MKD"]
[Black "Hadzi Manev,L"]
[Result "1/2-1/2"]
[WhiteElo "2167"]
[BlackElo "2099"]

1.g3 d5 2.Nf3 Nf6 3.Bg2 c6 4.O-O Bg4 5.Ne5 Bf5 6.d4 e6 7.c4 Nbd7 8.cxd5 exd5
9.Nd3 Qb6 10.Ne1 Bd6 11.Nc3 O-O 12.Nf3 h6 13.b3 Rfe8 14.Bb2 Ne4 15.e3 Nxc3
16.Bxc3 a5  1/2-1/2

[Event "Venetian Autumn Masters 2011"]
[Site "Venice ITA"]
[Date "2011.10.31"]
[Round "4.1"]
[White "Dragojlovic,A"]
[Black "Xia,J"]
[Result "1/2-1/2"]
[WhiteElo "2381"]
[BlackElo "2249"]

1.g3 d5 2.Nf3 Nf6 3.Bg2 g6 4.O-O Bg7 5.d4 O-O 6.c4 c6 7.Qb3 dxc4 8.Qxc4 Nbd7
9.Qc2 Nb6 10.e4 Bg4 11.Be3 Nfd7 12.Rd1 e5 13.dxe5 Qe8 14.h3 Bxf3 15.Bxf3 Nxe5
16.Bg2 Qe6 17.Nc3 Rfd8 18.b3 Qf6 19.Rac1 Nf3+ 20.Kf1 Nd4 21.Qb1 g5 22.Ne2 Ne6
23.Qc2 h5 24.Kg1 Nd7 25.f4 gxf4 26.gxf4 Bh6 27.Kh1 Qh4 28.Nd4 Nxd4 29.Rxd4 Ne5
30.Rxd8+ Rxd8 31.Rf1 Qg3 32.Qe2 Ng6 33.Rf3 Qh4 34.Qf2 Qf6  1/2-1/2

[Event "15th OIBM"]
[Site "Bad Wiessee GER"]
[Date "2011.11.01"]
[Round "4.38"]
[White "Kern,G"]
[Black "Krahe,F"]
[Result "1-0"]
[WhiteElo "2355"]
[BlackElo "2178"]

1.Nf3 d5 2.g3 c5 3.Bg2 Nc6 4.d4 e6 5.O-O Nf6 6.c4 Be7 7.cxd5 exd5 8.dxc5 O-O
9.a3 Bxc5 10.Nc3 d4 11.Na4 Be7 12.b4 Qd5 13.Bb2 Qh5 14.Nxd4 Rd8 15.e3 Bg4
16.f3 Nxd4 17.fxg4 Nxg4 18.h3 Qh6 19.Qxg4 Qxe3+ 20.Kh1 h5 21.Qe4  1-0

[Event "6th Kavalier Open"]
[Site "Vienna AUT"]
[Date "2011.11.01"]
[Round "7"]
[White "Nehonsky,Herbert"]
[Black "Vrtiakova,Anna"]
[Result "1/2-1/2"]
[WhiteElo "1998"]
[BlackElo "1540"]

1.Nf3 d5 2.g3 Nf6 3.Bg2 Bf5 4.O-O e6 5.d4 Be7 6.c4 c6 7.Qb3 Qb6 8.c5 Qxb3
9.axb3 Nbd7 10.Nc3 h6 11.b4 O-O 12.Bf4 g5 13.Bc1 Ne4 14.Nxe4 Bxe4 15.h4 Kh7
16.hxg5 Bxf3 17.g6+ fxg6 18.Bxf3 e5 19.dxe5 Nxe5 20.Bg2 a5 21.Bf4 Nd7 22.Rxa5 Rxa5
23.bxa5 Bxc5 24.Bd2 Ne5 25.b4 Bd6 26.Bc3  1/2-1/2

[Event "15th OIBM"]
[Site "Bad Wiessee GER"]
[Date "2011.11.02"]
[Round "5.47"]
[White "Baeuml,U"]
[Black "Giemsa,S"]
[Result "1/2-1/2"]
[WhiteElo "2053"]
[BlackElo "2283"]

1.Nf3 d5 2.g3 g6 3.Bg2 Bg7 4.O-O e5 5.d3 Ne7 6.c4 c6 7.Nbd2 O-O 8.Rb1 a5
9.a3 f5 10.b4 axb4 11.axb4 e4 12.Ne1 Nd7 13.Bb2 Ne5 14.cxd5 cxd5 15.Qb3 Bd7
16.Ra1 Rxa1 17.Bxa1 Kh8 18.Nc2 exd3 19.exd3 Bb5 20.Nd4 Qd7 21.Nxb5 Qxb5 22.Re1 N7c6  1/2-1/2

[Event "15th OIBM"]
[Site "Bad Wiessee GER"]
[Date "2011.11.04"]
[Round "7.48"]
[White "Kempter,R"]
[Black "Ramme,C"]
[Result "1/2-1/2"]
[WhiteElo "2248"]
[BlackElo "2094"]

1.Nf3 d5 2.g3 Nf6 3.Bg2 e6 4.O-O Be7 5.d4 b5 6.c3 c5 7.Bg5 Nbd7 8.e3 Bb7
9.Bxf6 Bxf6 10.Nbd2 O-O 11.Qe2 Qb6 12.Rfc1 Rac8 13.a3 e5 14.Bh3 Rcd8 15.dxe5 Nxe5
16.Nxe5 Bxe5 17.Nf3 Bf6 18.Bg2 a5 19.Rd1 g6 20.h4 Rfe8 21.Qc2 h5 22.Rd2 Bc8
23.Bf1 Bb7 24.Bg2 Bc8 25.Bf1 Bb7  1/2-1/2

[Event "18th European Teams w"]
[Site "Porto Carras GRE"]
[Date "2011.11.04"]
[Round "2.8.2"]
[White "Franciskovic,B"]
[Black "Mkrtchian,L"]
[Result "1/2-1/2"]
[WhiteElo "2280"]
[BlackElo "2469"]

1.Nf3 d5 2.g3 Bg4 3.Bg2 Nd7 4.c4 e6 5.cxd5 exd5 6.O-O c6 7.d3 Bd6 8.Nc3 Ne7
9.h3 Bxf3 10.Bxf3 h5 11.e4 h4 12.g4 dxe4 13.dxe4 Ne5 14.Be2 N5g6 15.f4 f6
16.Be3 Bc7 17.Kg2 Bb6 18.Qxd8+ Rxd8 19.Kf3 Bxe3 20.Kxe3 Nc8 21.Rad1 Ke7 22.Rxd8 Rxd8
23.Rd1 Nd6 24.Rg1 Nf7 25.Bc4 Nf8 26.Bxf7 Kxf7 27.g5 Ng6 28.gxf6 gxf6 29.Rd1 Rg8
30.Rd7+ Ne7 31.Ne2 b5 32.Rxa7 Rg2 33.f5 Ke8 34.b3 Rh2 35.Nf4 b4 36.Kf3 Rh1
37.Rb7 c5 38.Ra7 Nc6 39.Ra8+ Kd7 40.Nd5 Rxh3+ 41.Kg4 Rh1 42.Nxf6+ Kd6 43.Re8 Ne5+
44.Kh5 Nf3 45.Re6+ Kc7 46.Kg4 Nd4 47.Nd5+ Kd7 48.Rh6 Rg1+ 49.Kf4 Rf1+ 50.Kg4 Rg1+
51.Kf4 Rf1+ 52.Kg4  1/2-1/2

[Event "II Latin American Cup"]
[Site "Montevideo URU"]
[Date "2011.11.05"]
[Round "7.37"]
[White "Chadwick,N"]
[Black "De Lima,Carlos Alexandre"]
[Result "0-1"]
[WhiteElo "2196"]
[BlackElo "2106"]

1.Nf3 d5 2.g3 c5 3.Bg2 Nc6 4.O-O e5 5.d3 f6 6.Nbd2 Be6 7.e4 Qd7 8.exd5 Bxd5
9.Re1 O-O-O 10.a3 g5 11.c4 Be6 12.b4 h5 13.bxc5 h4 14.Ne4 hxg3 15.fxg3 Bxc4
16.Nfxg5 Bxd3 17.Nd6+ Bxd6 18.cxd6 Bg6 19.Ne4 Bxe4 20.Bxe4 Qxd6 21.Qg4+ Kb8
22.Bxc6 Qxc6 23.Qg7 Rh5 24.Be3 Qd7 25.Qg6 Qh7 26.Qxh7 Rxh7 27.Rf1 Rd3 28.Bc5 Rc7
29.Rad1 Rxd1 30.Bxa7+ Kxa7 31.Rxd1 Ne7 32.Rd3 Nc6 33.h4 Nd4 34.Kf2 Rc2+ 35.Kg1 Kb6
36.h5 Rc7 37.Kg2 Rg7 38.Kh3 Rg5 39.g4 f5 40.h6 fxg4+ 41.Kh4 Rg8 42.Kh5 g3
43.h7 Rh8 44.Kg6 g2 45.Rg3 Ne2  0-1

[Event "15th OIBM"]
[Site "Bad Wiessee GER"]
[Date "2011.11.06"]
[Round "9.26"]
[White "Weber,U"]
[Black "Ramme,C"]
[Result "1-0"]
[WhiteElo "2406"]
[BlackElo "2094"]

1.Nf3 d5 2.g3 c5 3.Bg2 Nc6 4.d3 Nf6 5.O-O e5 6.Qe1 Be7 7.e4 dxe4 8.dxe4 O-O
9.Bg5 Be6 10.Na3 Nd7 11.Bxe7 Qxe7 12.c3 a6 13.Qe3 f6 14.Nh4 c4 15.Nf5 Qc5
16.Rfd1 Rad8 17.Rxd7 Qxe3 18.Rxg7+ Kh8 19.fxe3 Bxf5 20.Rxb7 Bc8 21.Rc7 Na5
22.Bf3 Rd3 23.Rd1 Rxd1+ 24.Bxd1 Rd8 25.Be2 Bh3 26.Rc5 Rd2 27.Bf3 Rxb2 28.Rxa5 Rxa2
29.Nxc4 Rc2 30.Rxa6 Rxc3 31.Nd2 Rd3 32.Ra2 Kg7 33.Kf2 Be6 34.Rb2 Kg6 35.h4 Rd6
36.g4 Kh6 37.Nf1 Ra6 38.Ng3 Ra2 39.Rxa2 Bxa2 40.Ke2 Kg6 41.Kd2  1-0

[Event "TCh-BEL 2011-12"]
[Site "Gent BEL"]
[Date "2011.11.06"]
[Round "3.6"]
[White "Mundorf,J"]
[Black "Groffen,H"]
[Result "1/2-1/2"]
[WhiteElo "2080"]
[BlackElo "2207"]

1.Nf3 d5 2.g3 c6 3.Bg2 Bg4 4.c4 e6 5.O-O Nd7 6.d3 Bxf3 7.Bxf3 dxc4 8.dxc4 Ne5
9.Qc2 Nxf3+ 10.exf3 Bc5 11.Nc3 Nf6 12.Bg5 h6 13.Bf4 O-O 14.Rfd1 Qe7 15.Na4 Rfd8
16.Qb3 b6 17.Qc3 Bb4 18.Qc2 b5 19.a3 Rxd1+ 20.Rxd1 bxa4 21.axb4 Qxb4 22.Ra1 Rd8
23.Be3 Rd7 24.Kf1 c5 25.Rxa4 Qb7 26.Ke2 Qc7 27.Ra3 Qe5 28.Rb3 g5 29.Rb5 Rc7
30.Kf1 Nd7 31.Kg2 Qd6 32.h4 gxh4 33.Bxh6 e5 34.Qc1 Qg6 35.Qg5 Qxg5 36.Bxg5 hxg3
37.fxg3 f6 38.Be3 Kf7 39.Kf2 a6 40.Rb3 Rc6  1/2-1/2

[Event "18th European Teams w"]
[Site "Porto Carras GRE"]
[Date "2011.11.06"]
[Round "4.9.2"]
[White "Michna,Mart"]
[Black "Ciuksyte,D"]
[Result "1/2-1/2"]
[WhiteElo "2382"]
[BlackElo "2327"]

1.g3 d5 2.Nf3 Nf6 3.Bg2 c6 4.O-O Bg4 5.d3 Nbd7 6.c4 e6 7.cxd5 cxd5 8.Nc3 Be7
9.h3 Bh5 10.e4 dxe4 11.dxe4 O-O 12.Qe2 Bxf3 13.Bxf3 Ne5 14.Bg2 Rc8 15.Rd1 Qb6
16.Be3 Qa5 17.a3 Nc4 18.b4 Qa6 19.e5 Nxe5 20.b5 Qa5 21.Bd2 Qc7 22.Bf4 Qxc3
23.Bxe5 Qb3 24.Bxb7 Rc2 25.Qd3 Qxd3 26.Rxd3 Rc5 27.Bxf6  1/2-1/2

[Event "38th ch-IND w 2011"]
[Site "Chennai IND"]
[Date "2011.11.07"]
[Round "9"]
[White "Gomes,Mary"]
[Black "Mohota,N"]
[Result "1-0"]
[WhiteElo "2325"]
[BlackElo "2320"]

1.Nf3 d5 2.g3 Nc6 3.d4 Bg4 4.Bg2 Qd7 5.c4 e6 6.O-O dxc4 7.Nc3 Nge7 8.Qa4 a6
9.Rd1 Rd8 10.Qxc4 b5 11.Qd3 Bxf3 12.Bxf3 Nxd4 13.Bb7 c6 14.Bxa6 f6 15.Be3 Nef5
16.Qe4 Bb4 17.Bxd4 Nxd4 18.a3 Bc5 19.e3 f5 20.Qg2 e5 21.exd4 exd4 22.a4 O-O
23.axb5 cxb5 24.Bxb5 Qf7 25.Nd5 Kh8 26.Nf4 Rb8 27.Qc6 Rfc8 28.Qd7 Qf6 29.Bd3 Rf8
30.Ra6 Rfd8 31.Rxf6 Rxd7 32.Rxf5 Bd6 33.Rd5 Rb6 34.Bf5 Rf7 35.R1xd4 Bf8 36.Ne6 Rxb2
37.Nxf8  1-0

[Event "US Chess League 2011 Playoff"]
[Site "ICC INT"]
[Date "2011.11.09"]
[Round "1"]
[White "Panchanathan,M"]
[Black "Stripunsky,A"]
[Result "0-1"]
[WhiteElo "2573"]
[BlackElo "2563"]

1.Nf3 d5 2.g3 c6 3.Bg2 Bg4 4.O-O e6 5.Ne5 Bh5 6.d4 Nd7 7.f4 Ngf6 8.c4 Nxe5
9.fxe5 Nd7 10.Nc3 Be7 11.Qb3 Rb8 12.cxd5 cxd5 13.Bf4 O-O 14.e4 dxe4 15.Nxe4 Qb6
16.Qxb6 Nxb6 17.Nd6 g5 18.Be3 h6 19.Rac1 Bxd6 20.exd6 Rfd8 21.d5 Rxd6 22.Bc5 Rd7
23.Rf6 Rc8 24.Rxh6 Bg4 25.Be3 Rxc1+ 26.Bxc1 Nxd5 27.Bxg5 Kg7 28.Rh4 Bf5 29.Bh6+ Kf6
30.Bd2 e5 31.g4 Bg6 32.g5+ Kg7 33.Rc4 Nb6  0-1

[Event "18th European Teams w"]
[Site "Porto Carras GRE"]
[Date "2011.11.11"]
[Round "9.7.2"]
[White "Chelushkina,I"]
[Black "Krivec,J"]
[Result "0-1"]
[WhiteElo "2276"]
[BlackElo "2291"]

1.g3 d5 2.Nf3 g6 3.Bg2 Bg7 4.d4 Nf6 5.O-O O-O 6.Ne5 Nfd7 7.Nxd7 Nxd7 8.a4 c6
9.a5 e5 10.c3 e4 11.c4 Nf6 12.cxd5 cxd5 13.Nc3 Be6 14.Qb3 b6 15.a6 Ne8 16.Rd1 g5
17.f4 exf3 18.Bxf3 Nc7 19.Be3 f5 20.Bf2 Qd7 21.e3 Rad8 22.Ne2 Ne8 23.Be1 Nf6
24.Bb4 Rfe8 25.Rac1 Bf7 26.Rc2 Rc8 27.Rxc8 Qxc8 28.Rc1 Qxa6 29.Kf2 Bh6 30.Bd2 Rc8
31.Rxc8+ Qxc8 32.Nc3 Ne4+ 33.Ke1 Nxc3 34.bxc3 Qe6 35.Kf2 g4 36.Bg2 Qc6 37.Qa3 a5
38.Qe7 a4 39.Bf1 Bf8 40.Qg5+ Bg6 41.Qd8 h6 42.c4 dxc4 43.d5 Qd6 44.Qa8 b5
45.Ba5 a3 46.Qb7 a2 47.Bc7 Qa3 48.d6 a1=Q 49.d7 Q3c1  0-1

[Event "18th European Teams w"]
[Site "Porto Carras GRE"]
[Date "2011.11.11"]
[Round "9.7.4"]
[White "Drljevic,L"]
[Black "Rozic,V"]
[Result "1/2-1/2"]
[WhiteElo "2273"]
[BlackElo "2263"]

1.Nf3 d5 2.g3 Bg4 3.Bg2 c6 4.O-O Nd7 5.d3 e6 6.h3 Bh5 7.c4 Bxf3 8.Bxf3 dxc4
9.dxc4 Ne5 10.Nd2 Nxf3+ 11.Nxf3 Nf6 12.Qc2 Bc5 13.Rd1 Qe7 14.a3 a5 15.Ne5 h6
16.Nd3 Bd6 17.c5 Bc7 18.Qb3 Rb8 19.Qc4 O-O 20.Bd2 Rbd8 21.Bc3 e5 22.e4 Nh7
23.Ne1 Ng5 24.h4 Ne6 25.b4 Nd4 26.bxa5 Nb5 27.Bb4 Ra8 28.Nf3 Bxa5 29.a4 Nc7
30.Rd6 Ne8 31.Rd3 Nf6 32.Rb1 Bxb4 33.Rxb4 Ra5 34.Rc3 Rfa8 35.Ne1 R8a7 36.Nd3 Nd7
37.Rc1 Kh7 38.Qc2 f6 39.Qc4 Nf8 40.f4 Ne6 41.Kg2 Ra8 42.f5 Nd4 43.Rcb1 R8a7
44.R1b2 h5 45.Kh3 Qd7 46.Kh2 Nf3+ 47.Kg2 Qxd3 48.Qf7 Nd4 49.Qxh5+ Kg8 50.Qe8+ Kh7
51.Qg6+ Kh8 52.Qe8+ Kh7 53.Qh5+ Kg8 54.Qe8+ Kh7 55.Qg6+ Kh8 56.Qh5+ Kg8  1/2-1/2

[Event "18th European Teams w"]
[Site "Porto Carras GRE"]
[Date "2011.11.11"]
[Round "9.10.2"]
[White "Franciskovic,B"]
[Black "Ozturk,Ku"]
[Result "1/2-1/2"]
[WhiteElo "2280"]
[BlackElo "2239"]

1.Nf3 d5 2.g3 Bg4 3.Bg2 Nd7 4.c4 e6 5.cxd5 exd5 6.Nc3 Ngf6 7.O-O Be7 8.d3 O-O
9.Bf4 c6 10.h3 Bxf3 11.Bxf3 Re8 12.e4 dxe4 13.dxe4 Bb4 14.Qc2 Ne5 15.Be2 Qd7
16.Kg2 Ng6 17.Bf3 Qe6 18.Rfe1 Ne5 19.Bxe5 Qxe5 20.Rad1 h5 21.a3 Ba5 22.h4 Rad8
23.Rxd8 Rxd8 24.Rd1 Re8 25.b4 Bc7 26.Re1 g5 27.hxg5 Qxg5 28.Qc1 Qe5 29.Rh1 Rd8
30.Rh4 Rd3 31.Ne2 a5 32.bxa5 Bxa5 33.Qb1 Qb5 34.Qa1 Bc3 35.Qc1 Bd2 36.Qa1 Bg5
37.Nf4 Bxh4 38.Nxd3 Qxd3 39.gxh4 Nxe4 40.Qe5 Nd6 41.Qg5+ Qg6 42.Bxh5 Qxg5+
43.hxg5 Nc4 44.a4 Nb2 45.a5 Nc4 46.a6 bxa6 47.Be2 Nd2 48.Bxa6 c5 49.f4 c4
50.Kf2 c3 51.Ke2 Nb3 52.Kd1 Nd4 53.Bd3 Ne6 54.Kc2 Nxf4 55.Kxc3 Nxd3 56.Kxd3 Kg7
57.Ke4 Kg6  1/2-1/2